|
|
|
|
| LEADER |
00000nab a2200000 a 4500 |
| 001 |
vtls000384384 |
| 003 |
SK-MaSNL |
| 005 |
20260303225903.0 |
| 008 |
230213c1990 xo 0 slo |
| 015 |
|
|
|a SNBRB19rr/mm-uuuuu
|
| 035 |
|
|
|a CL0384506
|
| 035 |
|
|
|a urn:nbn:sk:snk-abbkmf
|
| 035 |
|
|
|a (urnnbn)urn:nbn:sk:snk:ar-0019oj
|
| 035 |
|
|
|a (uuid)23ecd846-5f59-47fc-a7db-27fb3bd4ccff
|
| 040 |
|
|
|a SNKBUCL
|b slo
|c SNKBUCL
|e AACR2
|
| 041 |
0 |
|
|a slo
|
| 044 |
|
|
|a xo
|c SK
|
| 080 |
|
|
|a 598.815
|2 1981
|
| 100 |
1 |
|
|a Salaj, Ján,
|d 1930-
|4 aut
|9 119602
|
| 245 |
1 |
0 |
|a Rozšírenie a hniezdenie strakoša červenohlavého (Lanius senator L.) v kotlinách južného Slovenska r. 1983-1987
|c Ján Salaj
|
| 300 |
|
|
|b Obr. 1. Tb. 2. Res. angl., rus., lit. 6 zázn. v slov., maď.
|
| 650 |
0 |
7 |
|a strakoš červenohlavý
|2 snkbucl
|9 133585
|
| 651 |
|
7 |
|a Slovensko južné
|2 snkbucl
|9 161138
|
| 655 |
|
7 |
|a články z novín a časopisov
|2 snkbucl
|9 267496
|
| 773 |
0 |
|
|t Biológia
|g Roč. 45, č. 2 (1990), s. 127-131
|
| 850 |
|
|
|a Slovenská národná knižnica v Martine
|a MTA001
|
| 852 |
|
|
|a SNK
|b KIS3GCP
|
| 954 |
|
|
|a odborná, vedecká literatúra pôvodná (slovenská)
|2 lita
|
| 958 |
|
|
|a NB
|
| 958 |
|
|
|a RK
|
| 958 |
|
|
|a OND
|
| 958 |
|
|
|a EUIPO
|
| 958 |
|
|
|a article15
|
| 992 |
|
|
|a RBX
|
| 999 |
|
|
|c 2259021
|d 2260951
|